000 00388 a2200109 4500
001 ART_23643
005 20260410161932.0
008 260409a
245 1 0 _aEl hombre y la libertad según Sócrates
100 1 _aLetizia, Francisco
773 0 _tRevista de la Facultad de Ciencias Económicas de la Universidad de Cuyo
_g- Año XXXI, Nº 80 (jul./dic. 1979)
_wREV22981
999 _c28688
_d28688